Miss Americana & The Heartbreak Prince - Taylor Swift (lyrics) - Statistics

General Stats
  • This quiz has been taken 23 times
  • The average score is 237 of 292
Answer Stats
Answer % Correct
a
100%
for
100%
games
100%
girl
100%
I
100%
in
100%
like
100%
me
100%
Miss
100%
my
100%
My
100%
No
100%
prizes
100%
stupid
100%
the
100%
The
100%
They
100%
To
100%
to
100%
win
100%
You
100%
you
100%
American
92%
Americana
92%
And
92%
and
92%
at
92%
bad
92%
be
92%
been
92%
Heartbreak
92%
is
92%
nothing
92%
play
92%
Prince
92%
That's
92%
then
92%
there
92%
this
92%
was
92%
we
92%
who
92%
whole
92%
world
92%
blue
83%
but
83%
I'm
83%
It's
83%
know
83%
Now
83%
now
83%
see
83%
She's
83%
so
83%
Than
83%
whisper
83%
with
83%
before
75%
coming
75%
counted
75%
days
75%
dice
75%
dress
75%
fake
75%
hallway
75%
long
75%
miles
75%
rolling
75%
time
75%
town
75%
up
75%
16
67%
are
67%
away
67%
bruising
67%
catch
67%
crazier
67%
Faded
67%
feeling
67%
glory
67%
guys
67%
Lost
67%
lost
67%
one
67%
pageant
67%
paint
67%
run
67%
school
67%
smile
67%
There's
67%
We're
67%
Where
67%
adore
58%
Battered
58%
cameras
58%
damsels
58%
film
58%
helpless
58%
high
58%
hopeless
58%
life
58%
lights
58%
likely
58%
losing
58%
Marching
58%
most
58%
only
58%
playing
58%
prom
58%
queens
58%
ran
58%
Ripped
58%
sad
58%
saw
58%
scene
58%
Voted
58%
will
58%
band
50%
between
50%
care
50%
Darling
50%
depressed
50%
fives
50%
homecoming
50%
men
50%
muffled
50%
scared
50%
scoreboard
50%
seems
50%
storm
50%
team
50%
Waving
50%
Boys
42%
boys
42%
hallways
42%
head
42%
rose
42%
stories
42%
through
42%
wise
42%
Burning
33%
cries
33%
hung
33%
Leave
33%
Running
33%
thorns
33%
No matching quizzes found
Score Distribution
Percent of People with Each Score
Percentile by Number Answered
Your Score History
You have not taken this quiz